00759cam a2200217 a 450000100100000000500170001000800410002704000300006808200270009810000430012524500720016825000110024026000500025130000210030144000260032250000270034853400710037565000260044665000280047271000410050000000259620200929150224.0831207s1983 nq 001 0 spa  aDO-SdBNPcDLCdDLCdOCoLC aN861.42bM828ó, 19831 aMorales Avilés, Ricardo,d1939-1973.10aObras :bno pararemos de andar jamás /cRicardo Morales Avilés. a2a ed. aManagua, Nicaragua :bNueva Nicaragua,c1983. a172 p. ;c22 cm. 0aPensamiento vivo ;v3 aBibliografía: p. 172 aTítulo de la primera edición: Prosa política y poemas, 1981. 4aPoesía nicaraguense 4aLiteratura nicaraguense2 aInstituto de Estudio del Sandinismo.